000 00991nam a22002417a 4500
005 20170719165538.0
010 _a1617EN ENG-116749
020 _a9788184846027
_c850.00
035 _aB-652147-156
035 _aEN-100281
035 _aB-666219
037 _bPragati
037 _bDBAD/PUB
082 _a305.420954
100 _aGursharan Kaur
245 _aRural development programmes and women empowerment /
_cby Gursharan Kaur
260 _aNew Delhi
_bRegal Publications
_c2016
270 _aF-159, Rajouri Garden
_bNew Delhi
_e110027
300 _a186p.
_b22cm(Hb)
_cill.
942 _2ddc
_cEN
_h305.420954
_mGUR
999 _c102473
_d102473